000 00533nam a2200169Ia 4500
008 180921t2021 xxu||||| |||| 00| 1 sin d
041 _asin
080 _aX8සි31
_bහේරත්
100 _aහේරත්, නිම්මි මුදිතා
245 _aඅද්‍යෂ්‍යමාන
246 _aAdrushyamana
260 _bමෞලි ප්‍රකාශන
_aබදුල්ල
_c2021
300 _aපි.168, සෙ.මි.21
942 _cBK
999 _c9361
_d9361
003 LK-CoDNM
040 _aLK-CoDNM
_dLK-CoDNM
_eLK-CoDNM